000 00535nam a2200217Ia 4500
003 OSt
005 20220928142359.0
006 a|||||r|||| 00| 0
007 ta
008 220927b |||||||| |||| 00| 0 eng d
024 _a19445
037 _cTextual
040 _aSDCL
_cSDCL
_beng
041 _2eng
_aeng
082 _aP152, L34
100 _aArun Avdheswar
_9503438
245 0 _aHindi bhasha ka swaroop vikash.
260 _c1973
942 _hP152, L34
_cTEXL
_2CC
999 _c821616
_d821616